LDR 01067nam a2200265 i 4500 001 000000057379 003 CaOOAMICUS 005 20260522162150.0 008 981022s1989 it u000 u ita u 020 $a88-06-11415-8 040 $aSeMil$bita 245 13$aLa Puglia /$ca cura di Luigi Masella e Biagio Salvemini. 264 1$aTorino :$bEinaudi,$c1989. 300 $aXX, 1033 p., [24] c. di tav. :$bill. ;$c22 cm 650 4$aPuglia - Storia - Sec. 19.-20.$0(OLS)http://semarc/subject/26359 700 1 $aMasella, Luigi.$0(OLS)http://semarc/name/29162 700 1 $aSalvemini, Biagio.$0(OLS)http://semarc/name/29163 773 0 $tStoria d'Italia.$dTorino : Einaudi, 1977-2002.$w()3449 850 $aSeMil 852 $aSeMil$W1$xVenegono$y1$mSL1.J V 7$j272407$B23533$CSeMilBibl$Z2$F23535 $8I 961 $aAcquisto: Rappresentante 996 $6020$a88-06-11415-8$9(OLS)http://semarc/number/32701 996 $6245$aLa Puglia$9(OLS)http://semarc/title/180401 996 $6264$aTorino :$bEinaudi$9(OLS)http://semarc/publisher/29884